000 00252nmm a2200085Ia 4500
008 220120s9999||||xx |||||||||||||||||und||
100 _aChip
245 0 _aPower tools pack, fedora 17, linux live usb creator
260 _aNine dot nine interactive ltd.
_c2012
999 _c139792
_d139792